Antenna Array for Early Detection Of Breast Cancer Tumor / (Record no. 615971)
[ view plain ]
| 000 -LEADER | |
|---|---|
| fixed length control field | 00751nam a22001697a 4500 |
| 003 - CONTROL NUMBER IDENTIFIER | |
| control field | NUST |
| 082 ## - DEWEY DECIMAL CLASSIFICATION NUMBER | |
| Classification number | 621.382,AWA |
| 100 ## - MAIN ENTRY--PERSONAL NAME | |
| Personal name | Awan, Majid |
| 9 (RLIN) | 132997 |
| 245 ## - TITLE STATEMENT | |
| Title | Antenna Array for Early Detection Of Breast Cancer Tumor / |
| Statement of responsibility, etc. | Majid Awan, Ali Hassan, Mumtaz Ali, Mohsin Khan and Abdullah (BETE-54 /TCC-29) |
| 260 ## - PUBLICATION, DISTRIBUTION, ETC. | |
| Place of publication, distribution, etc. | Rawalpindi |
| Name of publisher, distributor, etc. | MCS (NUST) |
| Date of publication, distribution, etc. | July, 2021 |
| 300 ## - PHYSICAL DESCRIPTION | |
| Extent | 51 p.; |
| 505 ## - FORMATTED CONTENTS NOTE | |
| Formatted contents note | Introduction (Page-1), Literature Review (Page-14), Antenna Design (Page-27), Array Antenna Design (Page-32), Measurement and Results (Page-41), Future Work and Conclusion (Page-50), References (Page-51). |
| 650 ## - SUBJECT ADDED ENTRY--TOPICAL TERM | |
| Topical term or geographic name entry element | Ug Project |
| 9 (RLIN) | 131132 |
| 651 ## - SUBJECT ADDED ENTRY--GEOGRAPHIC NAME | |
| Geographic name | (BETE-54 /TCC-29) |
| 9 (RLIN) | 132912 |
| 700 ## - ADDED ENTRY--PERSONAL NAME | |
| Personal name | Supervised by Dr. Farooq Ahmed Bhatti |
| 9 (RLIN) | 132495 |
| 942 ## - ADDED ENTRY ELEMENTS (KOHA) | |
| Source of classification or shelving scheme | |
| Koha item type | Project Report |
| Withdrawn status | Lost status | Source of classification or shelving scheme | Damaged status | Not for loan | Permanent Location | Current Location | Shelving location | Date acquired | Total Checkouts | Full call number | Barcode | Date last seen | Price effective from | Koha item type | Public note |
|---|---|---|---|---|---|---|---|---|---|---|---|---|---|---|---|
| Military College of Signals (MCS) | Military College of Signals (MCS) | Reference | 01/30/2026 | 621.382,AWA | MCSPTE-314 | 01/30/2026 | 01/30/2026 | Project Report | Almirah No.90, Shelf No.5 |
